| 000 | 01403nam2a2200301 4500 | ||
|---|---|---|---|
| 001 | rc\2985530 | ||
| 005 | 20110912102500.2 | ||
| 035 | _a(NLR Aleph) 007130076 | ||
| 090 |
_a13612335 _c13612335 |
||
| 100 | _a20110912d1940 |||y0rusy50 ca | ||
| 101 | 0 | _arus | |
| 102 | _aRU | ||
| 105 | _aab z ||||| | ||
| 200 | 1 |
_a[Растительность степей, полупустынь и пустынь, засоленных почв и сорная растительность СССР] _fСост. Б.А. Келлер, Н.Ф. Комаров, Е.М. Лавренко, А.В. Прозоровский |
|
| 210 | _d1940 | ||
| 215 |
_a8 ненум. с., 576 с., 2 вкл. л. схем. _cил., схем., карт. |
||
| 320 | _aУказатель растений, упомянутых в тексте: с. 559-576 | ||
| 320 | _aБиблиогр. в конце статей | ||
| 461 | 0 |
_1001rc\2985529 _12001#$aРастительность СССР$f[Отв. ред. Б.К. Шишкин]$gБотанич. ин-т Акад. наук СССР$vТ. 2 |
|
| 702 | 1 |
_aКеллер _bБ. А. _gБорис Александрович _4220 |
|
| 702 | 1 |
_aКомаров _bН. Ф. _4220 |
|
| 702 | 1 |
_aЛавренко _bЕ. М. _4220 |
|
| 702 | 1 |
_aПрозоровский _bА. В. _4220 |
|
| 801 | 0 |
_aRU _bNLR _gpsbo |
|
| 801 | 1 |
_aRU _bELAR _2rusmarc |
|
| 852 |
_aNLR _j38-19/155(2) |
||
| 942 | _cBOOK | ||
| 980 | _aNB | ||